Countries of the World - Two Minute Sprint - Statistics

General Stats
  • This quiz has been taken 12 times
  • The average score is 54 of 196
Answer Stats
Continent Country % Correct
North America United States
100%
Europe Russia
88%
Europe United Kingdom
88%
North America Canada
75%
Africa Chad
75%
Europe Italy
75%
Europe Ukraine
75%
South America Argentina
63%
Oceania Australia
63%
Europe Austria
63%
South America Brazil
63%
South America Chile
63%
Europe Germany
63%
Europe Iceland
63%
Asia Iran
63%
Asia Iraq
63%
Europe Ireland
63%
Asia Japan
63%
Europe Portugal
63%
Europe Spain
63%
Asia Turkey
63%
Europe Albania
50%
Africa Algeria
50%
Asia China
50%
Europe France
50%
Europe Greece
50%
Asia India
50%
Asia Israel
50%
Asia Jordan
50%
Africa Kenya
50%
Africa Namibia
50%
Africa Niger
50%
Africa Nigeria
50%
Europe Norway
50%
South America Peru
50%
Europe Poland
50%
Asia Thailand
50%
Oceania Tonga
50%
Africa Angola
38%
Europe Belgium
38%
Europe Bulgaria
38%
Africa Cameroon
38%
Africa Comoros
38%
Africa Democratic Republic of the Congo
38%
Europe Denmark
38%
South America Ecuador
38%
Africa Egypt
38%
Europe Estonia
38%
Europe Finland
38%
South America Guyana
38%
Europe Hungary
38%
Asia Indonesia
38%
Europe Kosovo
38%
Asia Lebanon
38%
Europe Macedonia
38%
Africa Mali
38%
Africa Morocco
38%
Oceania Nauru
38%
Oceania New Zealand
38%
Asia Oman
38%
Asia Pakistan
38%
Oceania Palau
38%
Africa Republic of the Congo
38%
Europe Romania
38%
Africa Rwanda
38%
Oceania Samoa
38%
Asia Saudi Arabia
38%
Europe Slovakia
38%
Europe Slovenia
38%
Africa Sudan
38%
South America Suriname
38%
Europe Sweden
38%
Africa Tunisia
38%
Europe Vatican City
38%
South America Venezuela
38%
North America Antigua and Barbuda
25%
Asia Armenia
25%
Asia Bahrain
25%
Asia Bangladesh
25%
Africa Benin
25%
South America Bolivia
25%
Asia Brunei
25%
Africa Central African Republic
25%
South America Colombia
25%
North America Costa Rica
25%
Europe Croatia
25%
North America Cuba
25%
Asia Cyprus
25%
Europe Czech Republic
25%
Oceania Fiji
25%
Africa Gabon
25%
Africa Gambia
25%
North America Honduras
25%
North America Jamaica
25%
Asia Kuwait
25%
Asia Laos
25%
Europe Latvia
25%
Africa Lesotho
25%
Africa Libya
25%
Europe Lithuania
25%
Asia Malaysia
25%
Asia Maldives
25%
Europe Malta
25%
North America Mexico
25%
Asia Nepal
25%
Europe Netherlands
25%
Asia North Korea
25%
North America Panama
25%
Asia Qatar
25%
Africa Seychelles
25%
Asia South Korea
25%
Africa South Sudan
25%
Europe Switzerland
25%
Asia Syria
25%
Asia Taiwan
25%
Africa Togo
25%
Oceania Tuvalu
25%
Asia Yemen
25%
Asia Afghanistan
13%
Europe Andorra
13%
North Americe Bahamas
13%
Europe Belarus
13%
North America Belize
13%
Asia Bhutan
13%
Europe Bosnia and Herzegovina
13%
Africa Burundi
13%
Asia Cambodia
13%
North America Dominica
13%
North America Dominican Republic
13%
North America El Salvador
13%
Africa Ghana
13%
North America Grenada
13%
North America Guatemala
13%
Africa Guinea
13%
North America Haiti
13%
Oceania Kiribati
13%
Africa Liberia
13%
Europe Liechtenstein
13%
Europe Luxembourg
13%
Africa Malawi
13%
Africa Mauritania
13%
Africa Mauritius
13%
Europe Moldova
13%
Europe Monaco
13%
Asia Mongolia
13%
Europe Montenegro
13%
Africa Mozambique
13%
North America Nicaragua
13%
Oceania Papua New Guinea
13%
South America Paraguay
13%
Asia Philippines
13%
North America Saint Lucia
13%
North America Saint Vincent and the Grenadines
13%
Europe San Marino
13%
Africa Senegal
13%
Asia Singapore
13%
Africa South Africa
13%
Asia Sri Lanka
13%
Asia Tajikistan
13%
Africa Tanzania
13%
North America Trinidad and Tobago
13%
Asia Turkmenistan
13%
Africa Uganda
13%
Oceania Vanuatu
13%
Asia Vietnam
13%
Africa Zambia
13%
Africa Zimbabwe
13%
Asia Azerbaijan
0%
North America Barbados
0%
Africa Botswana
0%
Africa Burkina Faso
0%
Asia Burma
0%
Africa Cape Verde
0%
Africa Cote d'Ivoire
0%
Africa Djibouti
0%
Asia East Timor
0%
Africa Equatorial Guinea
0%
Africa Eritrea
0%
Africa Ethiopia
0%
Oceania Federate States of Micronesia
0%
Asia Georgia
0%
Africa Guinea-Bissau
0%
Asia Kazakhstan
0%
Asia Kyrgyzstan
0%
Africa Madagascar
0%
Oceania Marshall Islands
0%
North America Saint Kitts and Nevis
0%
Africa Sao Tome and Principe
0%
Europe Serbia
0%
Africa Sierra Leone
0%
Oceania Solomon Islands
0%
Africa Somalia
0%
Africa Swaziland
0%
Asia United Arab Emirates
0%
South America Uraguay
0%
Asia Uzbekistan
0%
No matching quizzes found
Score Distribution
Percent of People with Each Score
Percentile by Number Answered
Your Score History
You have not taken this quiz